00500nam a2200181Ia 4500003000400000005001700004008004100021020001800062040000700080041000800087082002600095100004400121245005100165260005600216300001600272365001300288650001700301OSt20230410150852.0210423s2017 xx 000 0 und d a81-88237-41-8 cAL aeng a574.192028 223bRAOE aRAO (Beedu Sashidhar);DESHPANDE (Vijay) aExperimental biochemistry: a student companion aNew DelhibI K International Publishing Housec2017 axiv,302bPB b345cINR aBiochemistry